Bertrand Russell/ (Record no. 4437)

000 -LEADER
fixed length control field 00383nam a22001571a 4500
082 ## - DEWEY DECIMAL CLASSIFICATION NUMBER
Classification number M 192
Item number BAB/B
100 ## - MAIN ENTRY--AUTHOR NAME
Personal name Babusenan V
245 ## - TITLE STATEMENT
Title Bertrand Russell/
Statement of responsibility, etc by Babusenan V
260 ## - PUBLICATION, DISTRIBUTION, ETC. (IMPRINT)
Place of publication Calcutta:
Name of publisher Papyrus Books,
Year of publication 2010
300 ## - PHYSICAL DESCRIPTION
Number of Pages 416p.
650 ## - SUBJECT ADDED ENTRY--TOPICAL TERM
Topical Term Biography Bertrand Russell
650 ## - SUBJECT ADDED ENTRY--TOPICAL TERM
Topical Term Biography Philosopher
650 ## - SUBJECT ADDED ENTRY--TOPICAL TERM
Topical Term Biography
650 ## - SUBJECT ADDED ENTRY--TOPICAL TERM
Topical Term Philosophy
942 ## - ADDED ENTRY ELEMENTS (KOHA)
Koha item type Book
Holdings
Withdrawn status Lost status Damaged status Not for loan Permanent Location Current Location Shelving location Date acquired Cost, normal purchase price Full call number Accession Number Cost, replacement price Price effective from Koha item type
        Sree Sankaracharya University of Sanskrit Sree Sankaracharya University of Sanskrit Stacks 08.01.2015 300.00 M 192 BAB/B 065977 0.00 08.01.2015 Book
        Sree Sankaracharya University of Sanskrit Sree Sankaracharya University of Sanskrit Stacks 02.03.2018 300.00 M 192 BAB/B 087801   02.03.2018 Book